| Tag |
First Indicator |
Second Indicator |
Subfields |
| LEADER |
00000cam a2200000 4500 |
| 001 |
in00000201230 |
| 005 |
20190207093634.0 |
| 008 |
710506s1969 txub b 00110 eng |
| 010 |
|
|
|a 78630515
|
| 035 |
|
|
|a (OCoLC)00138799
|
| 035 |
|
|
|9 AAY2266AM
|
| 037 |
|
|
|c 2.75
|
| 040 |
|
|
|a DLC
|c DLC
|d TXA
|d UtOrBLW
|
| 043 |
|
|
|a n-us-tx
|
| 049 |
|
|
|a TXAM [Also in] [Sp Coll]
|c 1 [855883]
|a TXAS
|c 2 [1091507]
|
| 050 |
0 |
0 |
|a JK4801
|b .T52 no. 76
|
| 100 |
1 |
|
|a Barnes, Philip W.
|
| 245 |
1 |
0 |
|a Metropolitan coalitions; a study of councils of governments in Texas /
|c [by] Philip W. Barnes.
|
| 264 |
|
1 |
|a Austin :
|b Institute of Public Affairs, University of Texas at Austin,
|c 1969.
|
| 300 |
|
|
|a vi, 113 pages :
|b folded map. ;
|c 23 cm.
|
| 336 |
|
|
|a text
|b txt
|2 rdacontent
|
| 337 |
|
|
|a unmediated
|b n
|2 rdamedia
|
| 338 |
|
|
|a volume
|b nc
|2 rdacarrier
|
| 490 |
1 |
|
|a Public affairs series ;
|v no. 76
|
| 500 |
|
|
|a The Cushing Library/Chapman Texas Collection copy is part of the Floyd & Louise Chapman Texas & Borderlands Collection.
|5 TXA
|
| 504 |
|
|
|a Bibliography: pages [106]-113.
|
| 650 |
|
0 |
|a Metropolitan government
|z Texas.
|
| 830 |
|
0 |
|a Public affairs series ;
|v no. 76.
|
| 999 |
|
|
|a MARS
|
| 999 |
f |
f |
|s d4488bab-a534-32a8-a38d-8bcba6ccf1bb
|i 8e573ad9-2824-39d9-92e7-ca16883e51d6
|t 0
|
| 952 |
f |
f |
|p noncirc
|a Texas A&M University
|b College Station
|c Cushing Memorial Library & Archives
|d Cushing: Chapman Texas Collection (Does not check out)
|t 0
|e JK4801 .T52 no.76
|h Library of Congress classification
|i unmediated -- volume
|m A14800372569
|
| 952 |
f |
f |
|p ric
|a Texas A&M University
|b Rellis Campus
|c Joint Library Facility
|d Remote Storage
|t 0
|e JK4801 .T52 no. 76
|h Library of Congress classification
|i unmediated -- volume
|m A14803105937
|
| 998 |
f |
f |
|a JK4801 .T52 no.76
|t 0
|l Cushing: Chapman Texas Collection (Does not check out)
|
| 998 |
f |
f |
|a JK4801 .T52 no. 76
|t 0
|l Remote Storage
|